000 00249 a2200085 4500
020 _a9781941806548
100 _a Patricia Chase and Nancy K. Rivenburgh
245 _aEnvisioning Better Cities: A Global Tour of Good Ideas
260 _bORO Editions
_c2019
999 _c13322
_d13322